Tesol Quarterly, Volume 23 / Volume 23

Uloženo v:
Podrobná bibliografie
Hlavní autor: Gaies, Stephen J.
Médium: Kniha
Jazyk:English
Vydáno: USA, Georgetown University Washington, DC 1989.
Témata:
Tagy: Přidat tag
Žádné tagy, Buďte první, kdo otaguje tento záznam!
Thư viện lưu trữ: Mạng thư viện Đại học Đà Nẵng
LEADER 00922nam a22002771a 4500
001 000034600
003 10805
005 20210424152754.0
008 151027s1989 000 eng
041 |a eng 
082 |a 428  |b GA-S 
100 |a Gaies, Stephen J. 
245 0 |a Tesol Quarterly, Volume 23 /  |c Stephen J.Gaies  |n Volume 23 
260 |b Georgetown University Washington, DC  |a USA,  |c 1989. 
300 |a 812tr. : ;  |c 25cm. 
650 |a Tesol Quarterly 
653 |a Tesol 
OWN |a LNN 
902 |a TKA 
AVA |a UDN50  |b LNN  |c English  |d 428 GA-S  |e available  |t Error 5001 Not defined in file expand_doc_bib_avail.  |f 1  |g 0  |h N  |i 0  |j AN  |k 1 
999 |a From the UDN01 
AVA |a UDN50  |b LNN  |c English  |d 428 GA-S  |e available  |t Error 5001 Not defined in file expand_doc_bib_avail.  |f 1  |g 0  |h N  |i 0  |j AN  |k 1 
TYP |a Monograph 
980 |a Mạng thư viện Đại học Đà Nẵng